South Eastern Kenya University

Library Online Public Access Catalogue


FPGA prototyping by VHDL examples (Record no. 8626)

MARC details
000 -LEADER
fixed length control field 00572cam a2200157 a 4500
020 ## - ISBN
Cancelled/invalid ISBN 9780470185315 (cloth : alk. paper)
020 ## - ISBN
Cancelled/invalid ISBN 0470185317 (cloth : alk. paper)
050 14 - LIBRARY OF CONGRESS CALL NUMBER
Classification Number TK7895.G36
Item Number C48 2008
100 1# - MAIN ENTRY--Author
Personal name Chu, Pong P.,
Dates associated with a name 1959-
245 10 - TITLE
Title FPGA prototyping by VHDL examples
Medium [electronic resource] :
Remainder of title Xilinx Spartan-3 version /
Statement of responsibility, etc Pong P. Chu.
260 ## - PUBLICATION, DISTRIBUTION, ETC.(IMPRINT)
Place of publication, distribution, etc Hoboken, N.J. :
Name of publisher, distributor, etc Wiley-Interscience,
Date of publication, distribution, etc c2008.
300 ## - PHYSICAL DESCRIPTION
Extent xxv, 440 p. :
650 #0 - SUBJECT--TOPIC
General subdivision Design and construction.
856 40 - URL/ELECTRONIC LOCATION AND ACCESS
Uniform Resource Identifier <a href="http://www.columbia.edu/cgi-bin/cul/resolve?clio7748216">http://www.columbia.edu/cgi-bin/cul/resolve?clio7748216</a>
942 ## - ADDED ENTRY ELEMENTS(KOHA)
Source of classification or shelving scheme Library of Congress Classification
Koha item type General circulation
Holdings
Source of classification or shelving scheme Not for loan Location (home branch) Sublocation (holding branch) Shelving location Date accessioned Full call number Barcode Koha item type Public note
Library of Congress Classification   Main Campus Library Main Campus Library   07/08/2015 TK7895.G36 C48 2008 2015/007313 General circulation amm
Kitui, Kenya.
+254736116989
library@seku.ac.ke